Lyrics to '506' by Morat - Statistics

General Stats
  • This quiz has been taken 56 times
  • The average score is 203 of 239
Answer Stats
Answer % Correct
506?
100%
a
100%
16
91%
acabó
91%
cambió
91%
canción
91%
¿Cómo
91%
Con
91%
con
91%
corazón
91%
de
91%
el
91%
en
91%
enamoré
91%
enamoró
91%
Es
91%
hace
91%
la
91%
lo
91%
los
91%
luego
91%
me
91%
número
91%
olvidó
91%
Pero
91%
pero
91%
piel
91%
primer
91%
Primero
91%
que
91%
qué
91%
Recuerdo
91%
Recuerdos
91%
91%
Se
91%
se
91%
si
91%
Si
91%
siente
91%
te
91%
tienes
91%
todo
91%
Tu
91%
tu
91%
un
91%
una
91%
ver
91%
Y
91%
y
91%
¿Y
91%
amor
82%
aviones
82%
Cartagena
82%
dejamos
82%
Donde
82%
dos
82%
escuchar
82%
estás?
82%
ganas
82%
igual
82%
le
82%
miedo
82%
Moría
82%
muero
82%
nada
82%
No
82%
no
82%
papel
82%
pensé
82%
por
82%
saber
82%
¿Sigues
82%
sigues
82%
televisión
82%
vacaciones
82%
viviendo
82%
voz
82%
contestaste
73%
hacer?
73%
normal
73%
puedo
73%
Tardes
73%
todavía
73%
voy
73%
ya
73%
yendo
73%
15
64%
apenas
64%
calle
64%
canciones
64%
den
64%
encuentro
64%
escondida
64%
escondidas
64%
intenciones
64%
jugamos
64%
más
64%
otras
64%
porque
64%
Ayer
55%
pretendiendo
55%
Volver
55%
Hoy
45%
llamando
45%
estoy
36%
No matching quizzes found
Score Distribution
Percent of People with Each Score
Percentile by Number Answered
Your Score History
You have not taken this quiz